• 首页
  • 本馆介绍
  • 公告通知
  • 最新文献
  • 馆藏检索
  • 电子资源
  • 读者导购
  • 参考咨询
  • 我的图书馆
  • 登录
  • 详细信息显示
  • 放入我的书架
  • 预约/预借图书
  • 作者相关作品
  • 分类相关作品
  • 丛书相关作品
  • 出版社相关作品

书目信息

  • 表格格式
  • 工作单格式
  • 卡片格式
题名:
世界名言词典
    
 
作者: 徐永泰 编译
分册:  
出版信息: 济南   齐鲁书社  1988.5
页数: 703页
开本: 19cm
丛书名:
单 册:
中图分类: H034
科图分类:
主题词: 俗语
电子资源:
ISBN: 7-5333-0065-3
000 00587nam0 2200217 45
001 0189012423
005 20041222171112.6
010    @a7-5333-0065-3@b精装@dCNY7.20
020    @aCN@b89012423
100    @a19910105d1988 m y0chiy0120 ea
101 0  @achi
102    @aCN@b370000
105    @ay e 000yy
200 10 @a世界名言词典@Ashi jie ming yan ci dian@f徐永泰等编译@Fxu yong tai dengbian yi
210    @a济南@c齐鲁书社@d1988.5
215    @a703页@d19cm
606    @a俗语
690    @aH034@v3
701  0 @a徐永泰@4编译
801  0 @aCN@bNLC@c19910105
905    @f1@b218420@dH034@e21
    
    世界名言词典/徐永泰等编译.-济南:齐鲁书社,1988.5
    703页;19cm
    
    
    ISBN 7-5333-0065-3(精装):CNY7.20
    
●
相关链接 在E读中查询图书 在五车中查询图书 在当当中查询图书 在豆瓣中查询图书


正题名:世界名言词典     索取号:H034/21         预约/预借

序号 登录号 条形码 馆藏地/架位号 状态 备注
1 0218420   001968801   第四借阅区/ [索取号:H034/21] 在馆    
2 0218421   202075592   第二样本阅览室/ [索取号:H034/21] 在馆    
唐山师范学院图书馆 欢迎您!
大连网信软件有限公司© 版权所有